000 00579cam a22002051i 4500
001 e 10000276
003 DLC
005 20260227111152.0
008 780417s1882 fr 000 0 fre c
010 _ae 10000276
035 _a(OCoLC)3805741
040 _aLibrary, U. S. Bur. of Education
_cDNIE
_dDLC
042 _apremarc
050 0 0 _aLA693
_b.H3
100 1 _aHayem, Julien,
_d1847-
245 1 0 _aQuelques réformes dans les écoles primaires /
_cPar Julien Hayem.
260 _aParis :
_bHachette,
_c1882.
300 _axi, 275, [1] p.
650 0 _aEducation
_zFrance.
999 _c18940
_d18940